00397 a2200121 4500020001500000020001800015082001200033100002200045245012400067260004100191300002100232700002200253 a0471129461 a978047112946204a515.3531 aGanzha, Victor G.10aComputer-aided analysis of difference schemes for partial differential equations /cVictor G. Ganzha, E. V. Vorozhtsov. a[S.l.] :bWiley-Interscience,c1996. a458 p. ;c24 cm.1 aVorozhtsov, E. V.